MARC

LEADER 00000nam0a2200000 4500
001 353837
005 20231102010630.0
035 |a (RuTPU)RU\TPU\retro\11095 
090 |a 353837 
100 |a 20200603d1972 km y0rusy50 ca 
101 0 |a rus 
102 |a RU 
105 |a a z 001zy 
200 1 |a Расчет и проектирование городских газовых сетей среднего и высокого давления  |f Д. Б. Баясанов, З. Я. Быкова 
210 |a Москва  |c Изд-во литературы по строительству  |d 1972 
215 |a 206 с.  |c ил. 
320 |a Библиогр.: с. 205 
606 1 |a Газовые сети, городские  |x Проектирование  |2 stltpush  |3 (RuTPU)RU\TPU\subj\4698  |9 32938 
610 1 |a расчет 
610 1 |a газопроводы высокого давления 
610 1 |a нестационарные процессы 
610 1 |a моделирование 
610 1 |a электрические модели 
610 1 |a машины непрерывного действия 
610 1 |a ЭВМ-моделирование 
675 |a 696.2.001.2  |v 4 
700 1 |a Баясанов  |b Д. Б.  |g Дилавар Билалович 
701 1 |a Быкова  |b З. Я.  |g Зоя Яковлевна 
801 1 |a RU  |b 63413507  |c 20200603 
801 2 |a RU  |b 63413507  |c 20201204  |g RCR 
942 |c BK